ბათუმის შოთა რუსთაველის სახელმწიფო უნივერსიტეტის 80 წლისადმი მიძღვნილი ჰუმანიტარულ მეცნიერებათა ფაკულტეტის დოქტორანტთა და ახალგაზრდა მეცნიერთა II სამეცნიერო კონფერენციის მასალები 2015 / (ბიბ.ჩანაწერი № 54619)
[ მარტივი ფორმატი ]
| 000 -ლიდერი | |
|---|---|
| ფიქსირებული სიგრძის საკონტროლო ველი | 01465nam a2200265Ia 4500 |
| 001 - საკონტროლო ნომერი | |
| საკონტროლო ველი | 21686 |
| 003 - საკონტროლო ნომრის იდენტიფიკატორი | |
| საკონტროლო ველი | GE_BSU |
| 005 - ბოლო ოპერაციის თარიღი და დრო | |
| საკონტროლო ველი | 20211214160138.0 |
| 008 - ფიქსირებული სიგრძის მონაცემთა ელემენტები - ზოგადი ინფორმაცია | |
| ფიქსირებული სიგრძის საკონტროლო ველი | 181216s ||||ge |||||||||||||| ||geo|| |
| 020 ## - წიგნის საერთაშორისო სტანდარტული ნომერი | |
| International Standard Book Number | 9789941462474 |
| 040 ## - კატალოგიზაციის წყარო | |
| Transcribing agency | GE_BSU |
| 041 ## - ენის კოდი | |
| Language code of text/sound track or separate title | geo |
| 080 ## - უნივერსალური ათობითი კლასიფიკაციის ინდექსი | |
| Universal Decimal Classification number | 378.4(479.223)(063) ბ-17 |
| 245 ## - ცნობა სათაურის შესახებ | |
| Title | ბათუმის შოთა რუსთაველის სახელმწიფო უნივერსიტეტის 80 წლისადმი მიძღვნილი ჰუმანიტარულ მეცნიერებათა ფაკულტეტის დოქტორანტთა და ახალგაზრდა მეცნიერთა II სამეცნიერო კონფერენციის მასალები 2015 / |
| Statement of responsibility, etc | რედ. მ. გიორგაძე. |
| 264 ## - წარმოების, გამოცემის, დისტრიბუციის და სხვა ცნობები | |
| გამოცემის, წარმოების, დისტრიბუციის... ადგილი | ბათუმი : |
| გამოცემის, წარმოების, დისტრიბუციის... სახელწოდება | ბსუ, |
| გამოცემის, წარმოების, დისტრიბუციის... თარიღი | 2017. |
| 300 ## - ფიზიკური აღწერა | |
| Extent | 257 გვ. ; |
| Dimensions | 30 სმ. |
| 500 ## - ზოგადი შენიშვნა | |
| General note | პარალელური სათაური ინგლისურ ენაზე |
| 504 ## - BIBLIOGRAPHY, ETC. NOTE | |
| Bibliography, etc | ბიბლიოგრაფია ტექსტების ბოლოს |
| 520 ## - SUMMARY, ETC. | |
| Summary, etc | პარალ. სათ.ინგლ.ენ. |
| 653 ## - INDEX TERM--UNCONTROLLED | |
| Uncontrolled term | კონფერენციის მასალები |
| 653 ## - INDEX TERM--UNCONTROLLED | |
| Uncontrolled term | შრომები |
| 700 ## - ADDED ENTRY--PERSONAL NAME | |
| Personal name | გიორგაძე, მ. |
| Relator term | რედაქტორი |
| 9 (RLIN) | 4082 |
| 942 ## - ADDED ENTRY ELEMENTS (KOHA) | |
| Koha item type | წიგნი |
| Source of classification or shelving scheme | |
| ჩამოწერის სტატუსი | დაკარგული ეგზემპლარის სტატუსი | კლასიფიკაციის წყარო ან თაროზე გაწყობის სქემა | დაზიანების სტატუსი | არ გაიცემა | მუდმივი მდებარეობა (დაცვის ადგილი) | ამჟამინდელი ადგილსამყოფელი | თაროზე განთავსების ადგილი | შეძენის თარიღი | ღირებულება, შესყიდვის ნორმალური ფასი | სრული შენახვის შიფრი | შტრიხკოდი | ბოლო ოპერაციის თარიღი | ეგზემპლარის მიმდევრობითი ნომერი (კეტერი?) | ფასის ძალაში შესვლის თარიღი | ეგზემპლარის სახეობა | საჯარო შენიშვნა |
|---|---|---|---|---|---|---|---|---|---|---|---|---|---|---|---|---|
| ბათუმის შოთა რუსთაველის სახელმწიფო უნივერსიტეტის მთავარი ბიბლიოთეკა | ბათუმის შოთა რუსთაველის სახელმწიფო უნივერსიტეტის მთავარი ბიბლიოთეკა | წიგნსაცავი | 2018-12-17 | 13.00 | 378.4(479.223)(063) ბ-17 | 55736 | 2018-12-17 | 55736 | 2018-12-17 | წიგნი | 13.00 ₾. | |||||
| ბათუმის შოთა რუსთაველის სახელმწიფო უნივერსიტეტის მთავარი ბიბლიოთეკა | ბათუმის შოთა რუსთაველის სახელმწიფო უნივერსიტეტის მთავარი ბიბლიოთეკა | წიგნსაცავი | 2018-12-17 | 13.00 | 378.4(479.223)(063) ბ-17 | 55737 | 2018-12-17 | 55737 | 2018-12-17 | წიგნი | 13.00 ₾. | |||||
| ბათუმის შოთა რუსთაველის სახელმწიფო უნივერსიტეტის მთავარი ბიბლიოთეკა | ბათუმის შოთა რუსთაველის სახელმწიფო უნივერსიტეტის მთავარი ბიბლიოთეკა | წიგნსაცავი | 2018-12-17 | 13.00 | 378.4(479.223)(063) ბ-17 | 55738 | 2018-12-17 | 55738 | 2018-12-17 | წიგნი | 13.00 ₾. | |||||
| ბათუმის შოთა რუსთაველის სახელმწიფო უნივერსიტეტის მთავარი ბიბლიოთეკა | ბათუმის შოთა რუსთაველის სახელმწიფო უნივერსიტეტის მთავარი ბიბლიოთეკა | წიგნსაცავი | 2018-12-17 | 13.00 | 378.4(479.223)(063) ბ-17 | 55739 | 2018-12-17 | 55739 | 2018-12-17 | წიგნი | 13.00 ₾. | |||||
| ბათუმის შოთა რუსთაველის სახელმწიფო უნივერსიტეტის მთავარი ბიბლიოთეკა | ბათუმის შოთა რუსთაველის სახელმწიფო უნივერსიტეტის მთავარი ბიბლიოთეკა | წიგნსაცავი | 2018-12-17 | 13.00 | 378.4(479.223)(063) ბ-17 | 55740 | 2018-12-17 | 55740 | 2018-12-17 | წიგნი | 13.00 ₾. |
